| 000 | 00633nam a22002177a 4500 | ||
|---|---|---|---|
| 003 | LK-CoDNM | ||
| 005 | 20250228125248.0 | ||
| 008 | 250224b |||||||| |||| 00| 0 eng d | ||
| 040 |
_aLK-CoDNM _dLK-CoDNM _eLK-CoDNM |
||
| 041 | _aeng | ||
| 080 |
_aRC _b598 |
||
| 100 | _aDavy, J. | ||
| 245 | _aAn Account of the Interior of Ceylon and of Its Inhabitations with Travels in that Island | ||
| 260 |
_aLandon _bPrinted for Longmen, Hurst, Rees, Orme, and Brown _c1821 |
||
| 300 | _aVII, 529p. , Ill, Map ; 25cm | ||
| 650 | _aCeylon | ||
| 650 | _aCivilization | ||
| 650 | _aSri Lanka | ||
| 650 | _aHistory | ||
| 942 | _cBK | ||
| 999 |
_c238554 _d238554 |
||